ARRUPE JESUIT UNIVERSITY

CORONAVIRUS -STOP THE SPREAD - CLEAN,DISINFECT,COVER

Caminemos con Jesús : (Record no. 124252)

MARC details
000 -LEADER
fixed length control field 01035cam a2200313 a 4500
001 - CONTROL NUMBER
control field 4418275
003 - CONTROL NUMBER IDENTIFIER
control field ARRUPE
005 - DATE AND TIME OF LATEST TRANSACTION
control field 20160229154403.0
008 - FIXED-LENGTH DATA ELEMENTS--GENERAL INFORMATION
fixed length control field 951006s1995 nyu b 001 0 eng
010 ## - LIBRARY OF CONGRESS CONTROL NUMBER
LC control number 95030162
020 ## - INTERNATIONAL STANDARD BOOK NUMBER
International Standard Book Number 1570750343 (alk. paper)
035 ## - SYSTEM CONTROL NUMBER
System control number (OCoLC)32697613
035 ## - SYSTEM CONTROL NUMBER
System control number (OCoLC)ocm32697613
035 ## - SYSTEM CONTROL NUMBER
System control number (NNC)4418275
040 ## - CATALOGING SOURCE
Original cataloging agency DLC
Transcribing agency DLC
043 ## - GEOGRAPHIC AREA CODE
Geographic area code n-us---
050 00 - LIBRARY OF CONGRESS CALL NUMBER
Classification number BX1407.H55
Item number G65 1995
300 ## - PHYSICAL DESCRIPTION
Dimensions 24 cm.
100 1# - MAIN ENTRY--PERSONAL NAME
Personal name Goizueta, Roberto S.
9 (RLIN) 22584
245 10 - TITLE STATEMENT
Title Caminemos con Jesús :
Remainder of title toward a Hispanic/Latino theology of accompaniment /
Statement of responsibility, etc Roberto S. Goizueta.
260 ## - PUBLICATION, DISTRIBUTION, ETC. (IMPRINT)
Place of publication, distribution, etc Maryknoll, N.Y. :
Name of publisher, distributor, etc Orbis Books,
Date of publication, distribution, etc c1995.
300 ## - PHYSICAL DESCRIPTION
Extent xii, 224 p. ;
504 ## - BIBLIOGRAPHY, ETC. NOTE
Bibliography, etc Includes bibliographical references (p. 213-222) and index.
610 20 - SUBJECT ADDED ENTRY--CORPORATE NAME
Corporate name or jurisdiction name as entry element Catholic Church
General subdivision Doctrines.
9 (RLIN) 22585
650 #0 - SUBJECT ADDED ENTRY--TOPICAL TERM
Topical term or geographic name as entry element Hispanic American Catholics
General subdivision Religious life.
9 (RLIN) 22586
650 #0 - SUBJECT ADDED ENTRY--TOPICAL TERM
Topical term or geographic name as entry element Hispanic Americans
General subdivision Religion.
9 (RLIN) 22587
650 #0 - SUBJECT ADDED ENTRY--TOPICAL TERM
Topical term or geographic name as entry element Christian life
General subdivision Catholic authors.
9 (RLIN) 22588
942 ## - ADDED ENTRY ELEMENTS (KOHA)
Source of classification or shelving scheme Library of Congress Classification
Koha item type Monograph ( Printed materials)
Holdings
Withdrawn status Lost status Source of classification or shelving scheme Damaged status Not for loan Collection code Home library Current library Shelving location Date acquired Total Checkouts Full call number Barcode Date last seen Price effective from Koha item type
    Library of Congress Classification     Main Collection ARRUPE LIBRARY ARRUPE LIBRARY Main Collection 29/02/2016   BX1407.H55G65 1995 46500006746 22/11/2017 29/02/2016 Monograph ( Printed materials)

 

Arrupe Library. PO Box MP320 Mt Pleasant, Harare, Zimbabwe
263 242 745411|librarian@aju.ac.zw